Дело об изъявлении благодарности господина министра народного просвещения начальству Дерптского учебного округа и обучающемуся в...

Доступно только в Электронных читальных залах Найти на картеНа карте
RUSMARC
00003830nmc2a22002533x 450
00173c11444-8b93-4f43-8814-3b19dff24ba9
00520251023005626.0
100##$a20250423l18451846k l0rusy0189 ca
1010#$arus
$ager
102##$aRU
105##$ay###
1222#$ad
2001#$aДело об изъявлении благодарности господина министра народного просвещения начальству Дерптского учебного округа и обучающемуся в нем юношеству. Тут же и о награждении некоторых чиновников орденами, а именно: Нейе, Буша, Гебеля, Гафнера, Вальтера и Струве
$j24 ноября 1845 г. - 30 апреля 1846 г.
215##$a55 л.
$d36,5х26 см
251##$cДело
300##$aНа обложке указано: "№73"
300##$aНа русском и немецком языках
371##$aДокумент не является опубликованным и широко распространяемым
461#0$10012b5b8419-5ce4-4d16-a7a3-85720a295f1f
$12001
$aКанцелярия министра народного просвещения
$1251
$cФонд
$1852
$j735
462#0$1001562cc287-b13c-4f02-8029-f81535ba1e2e
$12001
$aКанцелярия министра народного просвещения
$1251
$cОпись
$1852
$j2
801#0$aRU
$bРГИА
$c20250423
$gRCR
801#1$aRU
$bГлавНИВЦ
$c20250423
$2rusmarc
801#2$aRU
$bПБ им. Б.Н. Ельцина
$c20251023
$gRCR
$2rusmarc
850##$aРГИА
852##$aРГИА
$eФедеральное казенное учреждение "Российский государственный исторический архив" (РГИА)
$j556
937##$hРГИА
$d12421475
$aASBIBLIO_SCAN
035##$aRusGRCC00085545
856##$uhttp://readingroom.main.prlib.ru/item.aspx?id_node=n198617324&mode=full
Формат отображения